Even You Can Learn Statistics and Analytics (Record no. 216478)

MARC details
000 -LEADER
fixed length control field 00535nam a22001937a 4500
008 - FIXED-LENGTH DATA ELEMENTS--GENERAL INFORMATION
fixed length control field 260119b |||||||| |||| 00| 0 eng d
020 ## - INTERNATIONAL STANDARD BOOK NUMBER
International Standard Book Number 9780137654765
050 ## - LIBRARY OF CONGRESS CALL NUMBER
Classification number QA 276.12 .L48 2022
Item number C.1
100 ## - MAIN ENTRY--PERSONAL NAME
Personal name Levine, David M.
245 ## - TITLE STATEMENT
Title Even You Can Learn Statistics and Analytics
250 ## - EDITION STATEMENT
Edition statement 4th Edition
260 ## - PUBLICATION, DISTRIBUTION, ETC.
Place of publication, distribution, etc. Boston
Name of publisher, distributor, etc. Pearson
Date of publication, distribution, etc. 2022
300 ## - PHYSICAL DESCRIPTION
Extent xv, 373p.: ill.
500 ## - GENERAL NOTE
General note Includes index
650 ## - SUBJECT ADDED ENTRY
Topical term or geographic name entry element 1. Statistics. 2. Analytics.
700 ## - ADDED ENTRY--PERSONAL NAME
Personal name Stephan, David F.
942 ## - ADDED ENTRY ELEMENTS (KOHA)
Source of classification or shelving scheme Library of Congress Classification
Koha item type Long Loan Book
Holdings
Withdrawn status Lost status Source of classification or shelving scheme Damaged status Not for loan Collection Home library Current library Date acquired Inventory number Total checkouts Full call number Barcode Date last seen Copy number Price effective from Koha item type
    Library of Congress Classification     Science & Technology Kisii University Library Kisii University Library 01/19/2026 110955   QA 276.12 .L48 2022 000000024817 01/19/2026 C.1 01/19/2026 Long Loan Book
    Library of Congress Classification     Science & Technology Kisii University Library Kisii University Library 01/19/2026 110956   QA 276.12 .L48 2022 000000024818 01/19/2026 C.2 01/19/2026 Long Loan Book
    Library of Congress Classification     Science & Technology Kisii University Library Kisii University Library 01/19/2026 110957   QA 276.12 .L48 2022 000000024819 01/19/2026 C.3 01/19/2026 Long Loan Book
    Library of Congress Classification     Science & Technology Kisii University Library Kisii University Library 01/19/2026 110958   QA 276.12 .L48 2022 000000024820 01/19/2026 C.4 01/19/2026 Long Loan Book